000 00898nam a2200277 i 4500
001 bg
100 1 _aGewert, Marian.
245 1 0 _aAnaliza matematyczna 2 :
_bprzykłady i zadania /
_cMarian Gewert, Zbigniew Skoczylas.
250 _aWyd. 13 popr.
260 _aWrocław :
_b"GiS",
_c2005.
300 _a169 s. :
_brys., wykr. ;
_c24 cm.
490 1 _aMatematyka dla Studentów Politechnik
504 _aBibliogr.
650 9 _aAnaliza matematyczna
655 _aPodręczniki akademickie
700 1 _aSKOCZYLAS, Zbigniew
830 _aMatematyka dla Studentów Politechnik
020 _a8389020386
040 _cBPK
041 0 _apol
080 _a517(075.8)
920 _a83-89020-38-6
942 _cKS
008 s pl f |000 0 pol
999 _c45361
_d45361
856 _uhttp://koha.tu.koszalin.pl/cgi-bin/koha/opac-detail.pl?biblionumber=45361
_yKatalog online BPK